000 00676nam a2200205 a 4500
001 000028610
005 20240412074254.0
008 110411s1993 dr a r 000 f spa d
040 _aDO-SdBNP
_bspa
_cBNPHU
082 _aRD861.44
_bC679r
100 1 _aCoiscou Weber, Rodolfo,
_d1924-
_922552
245 1 0 _aRetorno al origen sin origen /
_cRodolfo Coiscou Weber.
260 _aSanto Domingo :
_bCasa Weber,
_c1993.
300 _a56 p. :
_bil. ;
_c21 cm.
490 1 _aAntología de nuestra voz
_v48
650 0 _aPoesía dominicana
_966
650 0 _aLiteratura dominicana.
_967
830 0 _aAntología de nuestra voz;
_n48
_924856
910 _aValidado. Control de calidad. MFF
999 _c28102
_d28102